| 000 | 00846nam a2200241 4500 | ||
|---|---|---|---|
| 001 | 121828 | ||
| 003 | ES-MaACL | ||
| 005 | 20250722063146.0 | ||
| 007 | t| | ||
| 008 | 070214m19271928fr r ||||1| fre d | ||
| 080 | _a821.124-6"00" | ||
| 100 | 1 |
_aPlinio Cecilio Segundo, Cayo _992658 |
|
| 245 | 1 | 0 |
_aLettres / _cPline le Jeune ; texte établi et traduit par Anne-Marie Guillemin. |
| 260 |
_aParis : _bLes Belles Lettres, _c1927-1928. |
||
| 300 |
_a3 v. ; _c21 cm. |
||
| 490 | 1 | _aCollection des universités de France | |
| 505 | 8 | _aContiene: T.I: Livres I-III -- T.II: Livres IV-VI -- T.III: Livres VII-IX | |
| 546 | _aTexto en latín y francés. | ||
| 700 | 1 |
_aGuillemin, Anne-Marie. _960750 |
|
| 830 | 0 |
_aCollection des universités de France _9180876 |
|
| 852 |
_aES-MaACL _jC-7853-55 _bR.14833 |
||
| 999 |
_c121828 _d121828 |
||